Verfahren zur Nutzung erschöpfbarer Ressourcen <Das> Beispiel der Versteigerung von Offshore - Förderrechten in den USA

Uložené v:
Podrobná bibliografia
Hlavný autor: Hartung, Hans
Médium: Kniha
Jazyk:German
Vydavateľské údaje: Tübingen Mohr 1986
Vydanie:1. Aufl.
Edícia:Kieler Studien 201
Tagy: Pridať tag
Žiadne tagy, Buďte prvý, kto otaguje tento záznam!

MARC

LEADER 00000nam a2200000 4500
001 c028143
005 20221220073214.8
041 0 |a ger 
044 |a DE 
245 1 0 |a Verfahren zur Nutzung erschöpfbarer Ressourcen  |b <Das> Beispiel der Versteigerung von Offshore - Förderrechten in den USA  |c Hans Hartung 
250 |a 1. Aufl. 
264 1 |a Tübingen  |b Mohr  |c 1986 
300 |a 172 s. 
490 1 |a Kieler Studien  |v 201 
830 0 |a Kieler Studien  |v 201 
100 1 |a Hartung, Hans